[Event "Titled Tuesday intern op 06th Feb Early"]
[Site "Chess.com INT"]
[Date "2024.02.06"]
[Round "2"]
[White "Baruch, Liam"]
[Black "Diaz, Fernando"]
[Result "1-0"]
[WhiteElo "1718"]
[BlackElo "2086"]
[PlyCount "77"]
[EventDate "2024.02.06"]
[EventType "swiss (blitz)"]
[EventRounds "11"]
[EventCountry "USA"]
[SourceTitle "CB07_2024"]
[SourceDate "2024.02.14"]
[SourceVersion "1"]
[SourceVersionDate "2024.02.14"]
[SourceQuality "1"]

1. e4 e6 2. d4 d5 3. Nc3 Bb4 4. e5 c5 5. a3 Bxc3+ 6. bxc3 Ne7 7. Nf3 Qa5 8. Bd2 Qa4 9. Qb1 c4 10. h4 Nbc6 11. h5 h6 12. Nh4 b6 13. g4 Bd7 14. Qb2 0-0-0 15. Rb1 f6 16. f4 fxe5 17. dxe5 Rhf8 18. Bh3 d4 19. 0-0 Nd5 20. f5 Nxe5 21. cxd4 Nc6 22. Ng6 Rfe8 23. g5 exf5 24. Bxf5 Bxf5 25. Rxf5 Ne3 26. Bxe3 Rxe3 27. c3 Rde8 28. Qg2 R8e4 29. Rf8+ Kb7 30. Rf7+ Ka6 31. Nf4 hxg5 32. Nd5 Nd8 33. Nc7+ Ka5 34. Rf5+ b5 35. Rfxb5+ Qxb5 36. Rxb5+ Ka4 37. Qc2+ Kxa3 38. Qb2+ Ka4 39. Qb4# 1-0

[Event "Titled Tuesday intern op 06th Feb Late"]
[Site "Chess.com INT"]
[Date "2024.02.06"]
[Round "4"]
[White "Diaz, Fernando"]
[Black "Martinez Pla, Xavier"]
[Result "1-0"]
[WhiteElo "2086"]
[BlackElo "2247"]
[PlyCount "119"]
[EventDate "2024.02.06"]
[EventType "swiss (blitz)"]
[EventRounds "11"]
[EventCountry "USA"]
[SourceTitle "CB07_2024"]
[SourceDate "2024.02.14"]
[SourceVersion "1"]
[SourceVersionDate "2024.02.14"]
[SourceQuality "1"]

1. e4 c5 2. d4 cxd4 3. c3 Nf6 4. e5 Nd5 5. Nf3 d6 6. cxd4 e6 7. a3 Bd7 8. Bd3 Bc6 9. 0-0 Nd7 10. Qe2 Be7 11. Bd2 0-0 12. Nc3 Rc8 13. Rac1 N7b6 14. Rfd1 Nxc3 15. Bxc3 Nd5 16. Bd2 Qb6 17. b4 dxe5 18. dxe5 Ba4 19. Re1 Rxc1 20. Rxc1 Rd8 21. Qe4 g6 22. Bg5 Bc6 23. Qh4 Bxg5 24. Nxg5 h5 25. Nxf7 Kxf7 26. Rc5 Rd7 27. Qg5 Qd8 28. Qxg6+ Kf8 29. Qh6+ Rg7 30. Qh8+ Rg8 31. Qh6+ Kf7 32. Qxh5+ Kf8 33. Qh6+ Rg7 34. Qh8+ Rg8 35. Qh6+ Ke7 36. b5 Be8 37. Be4 Bf7 38. Qc1 Ke8 39. Rc8 Ne7 40. Rxd8+ Kxd8 41. Bxb7 Rg4 42. g3 Rg6 43. Qc5 Ke8 44. Qxa7 Kf8 45. Qb8+ Kg7 46. Qc7 Nf5 47. Be4 Rg5 48. Bxf5 Rxf5 49. b6 Rf3 50. b7 Kh6 51. b8Q Bg6 52. Qh8+ Kg5 53. Qc1+ Kf5 54. Qf6+ Ke4 55. Qe1+ Kd4 56. Qxf3 Be4 57. Qfxe4+ Kc5 58. Qc3+ Kb5 59. Qeb4+ Ka6 60. Qc6+ 1-0

[Event "Titled Tuesday intern op 06th Feb Late"]
[Site "Chess.com INT"]
[Date "2024.02.06"]
[Round "5"]
[White "Diaz, Fernando"]
[Black "Rogov, Matfey"]
[Result "0-1"]
[WhiteElo "2086"]
[BlackElo "2152"]
[PlyCount "90"]
[EventDate "2024.02.06"]
[EventType "swiss (blitz)"]
[EventRounds "11"]
[EventCountry "USA"]
[SourceTitle "CB07_2024"]
[SourceDate "2024.02.14"]
[SourceVersion "1"]
[SourceVersionDate "2024.02.14"]
[SourceQuality "1"]

1. e4 e5 2. Nf3 Nf6 3. Nxe5 Nc6 4. Nxc6 dxc6 5. Nc3 Bc5 6. Be2 h5 7. h3 Qd4 8. 0-0 Qe5 9. d4 Bxd4 10. Bf4 Qxf4 11. Qxd4 Ng4 12. g3 Qf6 13. Qxf6 Nxf6 14. Kg2 Be6 15. f4 g6 16. Rad1 Ke7 17. f5 gxf5 18. exf5 Bd5+ 19. Bf3 Rhd8 20. Rfe1+ Kf8 21. g4 hxg4 22. hxg4 Re8 23. g5 Nh7 24. g6 Nf6 25. Nxd5 cxd5 26. Rh1 fxg6 27. fxg6 c6 28. Rdf1 Kg7 29. Kf2 Rh8 30. Rhg1 Rh2+ 31. Ke3 Rxc2 32. Kd4 c5+ 33. Ke5 Re8+ 34. Kd6 Rxb2 35. Kxc5 Rc2+ 36. Kd6 Rxa2 37. Bxd5 Ra6+ 38. Kc5 Ra5+ 39. Kc4 Rc8+ 40. Kd4 Rxd5+ 41. Ke3 Re8+ 42. Kf4 Re4+ 43. Kf3 Rf5+ 44. Kg3 Rg4+ 45. Kh2 Rh5# 0-1

[Event "Titled Tuesday intern op 06th Feb Early"]
[Site "Chess.com INT"]
[Date "2024.02.06"]
[Round "7"]
[White "Eggleston, Thomas"]
[Black "Diaz, Fernando"]
[Result "1-0"]
[WhiteElo "2188"]
[BlackElo "2086"]
[PlyCount "64"]
[EventDate "2024.02.06"]
[EventType "swiss (blitz)"]
[EventRounds "11"]
[EventCountry "USA"]
[SourceTitle "CB07_2024"]
[SourceDate "2024.02.14"]
[SourceVersion "1"]
[SourceVersionDate "2024.02.14"]
[SourceQuality "1"]

1. e4 e6 2. d3 d5 3. Nd2 Nf6 4. c3 dxe4 5. dxe4 e5 6. Be2 a5 7. h3 Bc5 8. Qc2 0-0 9. Ngf3 Nc6 10. g4 h6 11. Rg1 Nh7 12. h4 Be6 13. Nc4 Re8 14. Bd2 Rb8 15. Ne3 Bf8 16. Nf5 Bxf5 17. gxf5 Kh8 18. Bc4 Qf6 19. 0-0-0 b5 20. Bd5 Ne7 21. Bg5 hxg5 22. hxg5 Qb6 23. Bxf7 Red8 24. Rxd8 Rxd8 25. g6 Qf6 26. Rh1 Nxg6 27. fxg6 Qf4+ 28. Kb1 Qh6 29. Rxh6 gxh6 30. gxh7 Kg7 31. Bg8 Bc5 32. Nxe5 a4 1-0

[Event "Titled Tuesday intern op 23rd Jan Late"]
[Site "Chess.com INT"]
[Date "2024.01.23"]
[Round "6"]
[White "Diaz, Fernando"]
[Black "Pourkashiyan, Atousa"]
[Result "1-0"]
[WhiteElo "2086"]
[BlackElo "2270"]
[PlyCount "89"]
[EventDate "2024.01.23"]
[EventType "swiss (blitz)"]
[EventRounds "11"]
[EventCountry "USA"]
[SourceTitle "CB05_2024"]
[SourceDate "2024.01.31"]
[SourceVersion "1"]
[SourceVersionDate "2024.01.31"]
[SourceQuality "1"]

1. e4 c5 2. d4 cxd4 3. c3 d3 4. c4 Nc6 5. Bxd3 Nf6 6. Nf3 d6 7. 0-0 e6 8. h3 Be7 9. Nc3 0-0 10. Be3 Bd7 11. Qe2 a6 12. Rac1 Rc8 13. a3 Ne5 14. b4 Nxd3 15. Qxd3 Qc7 16. Nd2 Rfd8 17. f4 Be8 18. Qe2 Bc6 19. Qf2 Nd7 20. g4 Qb8 21. Nf3 b5 22. cxb5 axb5 23. Nd4 Bf6 24. g5 Be7 25. f5 e5 26. Nxc6 Rxc6 27. f6 gxf6 28. gxf6 Nxf6 29. Bg5 d5 30. Nxd5 Rxc1 31. Nxe7+ Kf8 32. Rxc1 Nxe4 33. Bh6+ Kxe7 34. Qh4+ Nf6 35. Bg5 Qb6+ 36. Kh2 Rd3 37. Bxf6+ Qxf6 38. Rc7+ Ke6 39. Rc6+ Kd5 40. Qxf6 Rd2+ 41. Kg3 Rd3+ 42. Kf2 Ke4 43. Rd6 Rd2+ 44. Rxd2 h5 45. Qf3# 1-0

[Event "Titled Tuesday intern op 23rd Jan Late"]
[Site "Chess.com INT"]
[Date "2024.01.23"]
[Round "10"]
[White "Kopczynski, Michal"]
[Black "Diaz, Fernando"]
[Result "0-1"]
[WhiteElo "2225"]
[BlackElo "2086"]
[PlyCount "102"]
[EventDate "2024.01.23"]
[EventType "swiss (blitz)"]
[EventRounds "11"]
[EventCountry "USA"]
[SourceTitle "CB05_2024"]
[SourceDate "2024.01.31"]
[SourceVersion "1"]
[SourceVersionDate "2024.01.31"]
[SourceQuality "1"]

1. e4 e6 2. d4 d5 3. e5 c5 4. dxc5 Nc6 5. f4 Bxc5 6. Nf3 Nge7 7. Bd3 a6 8. Nc3 b5 9. Qe2 Bd7 10. Bd2 Rc8 11. 0-0-0 Nd4 12. Nxd4 Bxd4 13. Kb1 b4 14. Bxa6 bxc3 15. Bxc8 cxd2 16. Bxd7+ Qxd7 17. Qxd2 Nc6 18. c3 Bc5 19. f5 Nxe5 20. fxe6 fxe6 21. Rhe1 Bd6 22. Qg5 Qc7 23. Rf1 Rf8 24. Qh5+ g6 25. Rxf8+ Kxf8 26. Qh3 Qf7 27. g4 Kg7 28. Rf1 Qb7 29. g5 Nc4 30. Rf2 Qe7 31. Rf6 e5 32. b3 Nd2+ 33. Kc2 Ne4 34. Re6 Qxg5 35. Rxd6 Qd2+ 36. Kb1 Nxc3+ 37. Qxc3 Qxc3 38. Rxd5 e4 39. Rd6 e3 40. Rc6 Qd3+ 41. Kb2 e2 42. Rc1 Qd2+ 43. Kb1 Qxc1+ 44. Kxc1 e1Q+ 45. Kc2 Qf2+ 46. Kd3 Qxa2 47. Kc4 Qxh2 48. b4 Qb8 49. b5 h5 50. b6 h4 51. b7 h3 0-1

[Event "Titled Tuesday intern op 09th Jan Early"]
[Site "Chess.com INT"]
[Date "2024.01.09"]
[Round "3"]
[White "Bodnaruk, Anastasia"]
[Black "Diaz, Fernando"]
[Result "1-0"]
[WhiteElo "2340"]
[BlackElo "2086"]
[PlyCount "85"]
[EventDate "2024.01.09"]
[EventType "swiss (blitz)"]
[EventRounds "11"]
[EventCountry "USA"]
[SourceTitle "CB03_2024"]
[SourceDate "2024.01.17"]
[SourceVersion "1"]
[SourceVersionDate "2024.01.17"]
[SourceQuality "1"]

1. e4 e6 2. d4 d5 3. e5 c5 4. c3 Nc6 5. Nf3 Qb6 6. Bd3 cxd4 7. 0-0 Bd7 8. Re1 dxc3 9. Nxc3 Nh6 10. h3 a6 11. Ng5 g6 12. Rb1 Bg7 13. Bf4 0-0 14. Qd2 Nf5 15. Na4 Qb4 16. Nc3 d4 17. Nce4 Qxd2 18. Nxd2 h6 19. Ngf3 g5 20. Bh2 Nce7 21. Nb3 Bc6 22. Nbxd4 Nxd4 23. Nxd4 Rfd8 24. Nxc6 Nxc6 25. Be4 Rac8 26. Rbc1 Nxe5 27. Rxc8 Rxc8 28. Bxb7 Rc5 29. Bxa6 Ra5 30. Bf1 Ng6 31. Bc4 Bxb2 32. Rb1 Bd4 33. Rb8+ Kg7 34. Kf1 Rc5 35. Rb4 Bc3 36. Ra4 Ne5 37. Bb3 Nd3 38. Ke2 Nc1+ 39. Ke3 Nxb3 40. axb3 f6 41. Rc4 Rc7 42. Rxc7+ Kg6 43. Rxc3 1-0

[Event "Titled Tuesday intern op 09th Jan Early"]
[Site "Chess.com INT"]
[Date "2024.01.09"]
[Round "5"]
[White "Burmakin, Evgeniy"]
[Black "Diaz, Fernando"]
[Result "0-1"]
[WhiteElo "2166"]
[BlackElo "2086"]
[PlyCount "48"]
[EventDate "2024.01.09"]
[EventType "swiss (blitz)"]
[EventRounds "11"]
[EventCountry "USA"]
[SourceTitle "CB03_2024"]
[SourceDate "2024.01.17"]
[SourceVersion "1"]
[SourceVersionDate "2024.01.17"]
[SourceQuality "1"]

1. e4 e6 2. d4 d5 3. Nd2 Nf6 4. e5 Nfd7 5. f4 c5 6. c3 Nc6 7. Ndf3 cxd4 8. cxd4 Qa5+ 9. Kf2 Qb6 10. g3 f6 11. Kg2 g5 12. exf6 gxf4 13. Bxf4 Nxf6 14. Bd3 Qxb2+ 15. Ne2 Bg7 16. Qb3 Qxb3 17. axb3 0-0 18. Rhc1 Nh5 19. Bd6 Re8 20. b4 e5 21. b5 Nxd4 22. Nexd4 exd4 23. b6 a6 24. Re1 Bg4 0-1

[Event "Titled Tuesday intern op 09th Jan Early"]
[Site "Chess.com INT"]
[Date "2024.01.09"]
[Round "8"]
[White "Przybylski, Wojciech"]
[Black "Diaz, Fernando"]
[Result "1-0"]
[WhiteElo "2308"]
[BlackElo "2086"]
[PlyCount "80"]
[EventDate "2024.01.09"]
[EventType "swiss (blitz)"]
[EventRounds "11"]
[EventCountry "USA"]
[SourceTitle "CB03_2024"]
[SourceDate "2024.01.17"]
[SourceVersion "1"]
[SourceVersionDate "2024.01.17"]
[SourceQuality "1"]

1. e4 e6 2. d4 d5 3. Nc3 Bb4 4. e5 c5 5. a3 Bxc3+ 6. bxc3 Ne7 7. h4 Qa5 8. Bd2 Qa4 9. Rb1 c4 10. Rb4 Qa5 11. h5 h6 12. Qg4 Nf5 13. Rh3 Nc6 14. Rb1 Qa4 15. Rc1 Qxa3 16. Rf3 Nce7 17. Ne2 Bd7 18. Ng3 a5 19. Nxf5 Nxf5 20. Rxf5 exf5 21. Qxg7 0-0-0 22. Qxf7 Bc6 23. Qxf5+ Kb8 24. e6 Rde8 25. Qe5+ Ka8 26. f4 Qe7 27. f5 Qh4+ 28. g3 Qxh5 29. Ra1 a4 30. Bf4 Rhf8 31. Qc7 Bb5 32. Rxa4+ Ba6 33. Rxa6+ bxa6 34. Qc6+ Ka7 35. Qc7+ Ka8 36. Qc6+ Ka7 37. Bc7 Rb8 38. Qc5+ Ka8 39. Qxd5+ Rb7 40. Bg2 Rfb8 1-0

[Event "Titled Tuesday intern op 26th Sep Early"]
[Site "Chess.com INT"]
[Date "2023.09.26"]
[Round "5"]
[White "Diaz, Fernando"]
[Black "Causo, Deniel"]
[Result "1-0"]
[WhiteElo "2107"]
[BlackElo "2224"]
[PlyCount "59"]
[EventDate "2023.09.26"]
[EventType "swiss (blitz)"]
[EventRounds "11"]
[EventCountry "USA"]
[SourceTitle "EXT 2024"]
[Source "ChessBase"]
[SourceDate "2023.10.10"]
[SourceVersion "1"]
[SourceVersionDate "2023.10.10"]
[SourceQuality "1"]

1. e4 d5 2. exd5 Nf6 3. d4 Bg4 4. Nf3 Qxd5 5. Be2 Nc6 6. c4 Qf5 7. Nc3 0-0-0 8. Be3 e5 9. d5 e4 10. Nd4 Nxd4 11. Qxd4 b6 12. Bxg4 Qxg4 13. 0-0 Bd6 14. h3 Qf5 15. Nb5 Kb7 16. Nxd6+ cxd6 17. a4 Nd7 18. a5 Qe5 19. Qd2 Rc8 20. Rfc1 g5 21. Bd4 Qf5 22. Bxh8 Rxh8 23. axb6 axb6 24. b4 g4 25. hxg4 Qxg4 26. c5 dxc5 27. bxc5 Nxc5 28. Rxc5 bxc5 29. Qb2+ Kc7 30. Qxh8 1-0

[Event "Titled Tuesday intern op 26th Sep Late"]
[Site "Chess.com INT"]
[Date "2023.09.26"]
[Round "1"]
[White "Espinosa Veloz, Ermes"]
[Black "Diaz, Fernando"]
[Result "1-0"]
[WhiteElo "2478"]
[BlackElo "2107"]
[PlyCount "75"]
[EventDate "2023.09.26"]
[EventType "swiss (blitz)"]
[EventRounds "11"]
[EventCountry "USA"]
[SourceTitle "EXT 2024"]
[Source "ChessBase"]
[SourceDate "2023.10.10"]
[SourceVersion "1"]
[SourceVersionDate "2023.10.10"]
[SourceQuality "1"]

1. e4 e6 2. d4 d5 3. e5 c5 4. c3 Nc6 5. Nf3 Qb6 6. Be2 Nh6 7. Bxh6 Qxb2 8. Be3 Qxa1 9. Qc2 cxd4 10. Nxd4 Bc5 11. Nb3 Nb4 12. Nxa1 Nxc2+ 13. Nxc2 Bxe3 14. Nxe3 Bd7 15. Nd2 Rc8 16. c4 dxc4 17. Ndxc4 Ke7 18. 0-0 f6 19. Rb1 Bc6 20. f4 Rhd8 21. Kf2 Rd4 22. g3 b6 23. Nd6 Rd8 24. Rc1 Ba8 25. Rc7+ Rd7 26. Rc8 Rd8 27. Rxd8 Kxd8 28. Ke1 h6 29. Bc4 Kd7 30. Ke2 fxe5 31. fxe5 Bd5 32. Bxd5 exd5 33. Nef5 Ra4 34. Nxg7 Rxa2+ 35. Kf3 Rxh2 36. Ndf5 a5 37. e6+ Kc7 38. e7 1-0

[Event "Titled Tuesday intern op 26th Sep Early"]
[Site "Chess.com INT"]
[Date "2023.09.26"]
[Round "2"]
[White "Panda, Sambit"]
[Black "Diaz, Fernando"]
[Result "0-1"]
[WhiteElo "2395"]
[BlackElo "2107"]
[PlyCount "170"]
[EventDate "2023.09.26"]
[EventType "swiss (blitz)"]
[EventRounds "11"]
[EventCountry "USA"]
[SourceTitle "EXT 2024"]
[Source "ChessBase"]
[SourceDate "2023.10.10"]
[SourceVersion "1"]
[SourceVersionDate "2023.10.10"]
[SourceQuality "1"]

1. Nf3 Nf6 2. c4 e6 3. Nc3 d5 4. e3 Be7 5. b3 0-0 6. Bb2 c5 7. cxd5 Nxd5 8. Nxd5 exd5 9. d4 b6 10. Be2 Ba6 11. Bxa6 Nxa6 12. 0-0 Bf6 13. Qe2 Nb4 14. Rfd1 Rc8 15. a3 Nc6 16. dxc5 Bxb2 17. Qxb2 bxc5 18. Rac1 Ne7 19. Ne5 Qd6 20. Nd3 Rc7 21. Nf4 Rfc8 22. Qd2 Rd7 23. b4 c4 24. Qd4 Qb6 25. Qc3 Rcd8 26. Rd4 Nc6 27. Rd2 h6 28. Rcd1 Ne7 29. Nh5 Qg6 30. Nf4 Qf5 31. Rd4 Nc6 32. R4d2 d4 33. Qxc4 dxe3 34. Rxd7 exf2+ 35. Kxf2 Rxd7 36. Rxd7 Qxd7 37. Qd5 Qc7 38. g3 Qb6+ 39. Qc5 Qb7 40. Nd5 Nd8 41. Ne7+ Kh7 42. Qf5+ Kh8 43. Nd5 Ne6 44. Qe5 Qd7 45. Qb8+ Kh7 46. Qe5 Kg8 47. Qb8+ Kh7 48. Qe5 Kg8 49. Qe4 Nf8 50. Ne7+ Kh8 51. Nf5 Qe6 52. Qxe6 Nxe6 53. Nd6 Kg8 54. Nc8 a6 55. Ke3 Kf8 56. a4 Ke8 57. Nd6+ Kd7 58. Ne4 Kc6 59. Kd3 Kd5 60. Nc3+ Kc6 61. Kc4 Nc7 62. b5+ axb5+ 63. axb5+ Kb7 64. Kc5 Ne6+ 65. Kd6 Nd4 66. Ke7 f5 67. Kf7 g5 68. Kg6 f4 69. gxf4 gxf4 70. Kxh6 f3 71. Ne4 Nxb5 72. h4 Kc6 73. h5 Kd5 74. Nf2 Nd6 75. Kg7 Ke5 76. Kg6 Nf5 77. Ng4+ Kf4 78. Nf2 Nh4+ 79. Kg7 Kg3 80. h6 Nf5+ 81. Kg6 Nxh6 82. Nd3 Ng4 83. Kg5 Ne3 84. Kh5 Nc4 85. Kg5 Ne5 0-1

[Event "Titled Tuesday intern op 12th Sep Late"]
[Site "Chess.com INT"]
[Date "2023.09.12"]
[Round "1"]
[White "Diaz, Fernando"]
[Black "Becerra, Juan David"]
[Result "1-0"]
[WhiteElo "2107"]
[BlackElo "2348"]
[PlyCount "55"]
[EventDate "2023.09.12"]
[EventType "swiss (blitz)"]
[EventRounds "11"]
[EventCountry "USA"]
[SourceTitle "EXT 2024"]
[Source "ChessBase"]
[SourceDate "2023.10.10"]
[SourceVersion "1"]
[SourceVersionDate "2023.10.10"]
[SourceQuality "1"]

1. e4 e6 2. d4 d5 3. Nc3 Bb4 4. e5 c5 5. a3 Bxc3+ 6. bxc3 Qc7 7. Qg4 f5 8. Qg3 Nc6 9. Ne2 Nge7 10. Qxg7 Rg8 11. Qxh7 Bd7 12. Qh4 cxd4 13. cxd4 0-0-0 14. c3 Na5 15. Qxe7 Nc4 16. Qc5 Bc6 17. Nf4 Rde8 18. Bxc4 dxc4 19. Qxc4 Kb8 20. Nxe6 Qd7 21. Nf4 Rc8 22. Qe6 Qh7 23. d5 Bb5 24. Qd6+ Ka8 25. Qb4 a6 26. a4 Rc4 27. Qb3 Rxf4 28. Bxf4 1-0

[Event "Titled Tuesday intern op 12th Sep Late"]
[Site "Chess.com INT"]
[Date "2023.09.12"]
[Round "8"]
[White "Diaz, Fernando"]
[Black "Lacasa Diaz, Jose Antonio"]
[Result "1-0"]
[WhiteElo "2107"]
[BlackElo "2353"]
[PlyCount "55"]
[EventDate "2023.09.12"]
[EventType "swiss (blitz)"]
[EventRounds "11"]
[EventCountry "USA"]
[SourceTitle "EXT 2024"]
[Source "ChessBase"]
[SourceDate "2023.10.10"]
[SourceVersion "1"]
[SourceVersionDate "2023.10.10"]
[SourceQuality "1"]

1. e4 c5 2. d4 cxd4 3. c3 d3 4. Bxd3 Nc6 5. c4 g6 6. Nf3 Bg7 7. 0-0 d6 8. h3 Nf6 9. Nc3 Nd7 10. Be3 0-0 11. Rc1 Nc5 12. Bb1 a5 13. b3 Be6 14. Qe2 Qb6 15. Na4 Qa7 16. Rfd1 Rfc8 17. Nc3 Qb6 18. Ng5 Qb4 19. Nd5 Bxd5 20. exd5 Ne5 21. Bd4 h6 22. Nxf7 Kxf7 23. f4 Ned7 24. Bxg7 Nf6 25. Bxh6 a4 26. f5 axb3 27. fxg6+ Kg8 28. Qxe7 1-0

[Event "Titled Tuesday intern op 15th Aug Early"]
[Site "Chess.com INT"]
[Date "2023.08.15"]
[Round "7"]
[White "Diaz, Fernando"]
[Black "Mrudul, Dehankar"]
[Result "0-1"]
[WhiteElo "2107"]
[BlackElo "2059"]
[PlyCount "120"]
[EventDate "2023.08.15"]
[EventType "swiss (blitz)"]
[EventRounds "11"]
[EventCountry "USA"]
[SourceTitle "EXT 2024"]
[Source "ChessBase"]
[SourceDate "2023.10.10"]
[SourceVersion "1"]
[SourceVersionDate "2023.10.10"]
[SourceQuality "1"]

1. e4 c6 2. d4 d5 3. exd5 cxd5 4. Bd3 Nf6 5. c3 Nc6 6. Bf4 g6 7. Nd2 Bg7 8. Ngf3 0-0 9. 0-0 Nh5 10. Bg5 f6 11. Be3 e5 12. dxe5 fxe5 13. Bc5 Rf7 14. Bc2 Nf4 15. Re1 Be6 16. Be3 e4 17. Nxe4 dxe4 18. Qxd8+ Rxd8 19. Bxe4 Nd5 20. Ng5 Rf6 21. Bxa7 Bf5 22. c4 Bxe4 23. Nxe4 Nxa7 24. cxd5 Rb6 25. Rab1 Rxd5 26. b3 Nb5 27. Rbc1 Rc6 28. Rcd1 Nd4 29. h3 Re6 30. Nc3 Rdd6 31. Rxe6 Rxe6 32. Kf1 Kf7 33. Na4 Rc6 34. Nb2 Bf6 35. Nc4 b5 36. Ne3 Ke6 37. g4 Nc2 38. Nd5 Be5 39. f4 Bb8 40. Ke2 Rd6 41. Nc3 Nd4+ 42. Kf2 Ba7 43. Re1+ Kf7 44. Kg3 Ne6 45. Nxb5 Rd3+ 46. Kh4 Nxf4 47. Kg5 Nxh3+ 48. Kh4 Nf4 49. Rh1 Ne6 50. g5 Bf2+ 51. Kg4 Rg3+ 52. Kh4 Rg1+ 53. Kh3 Rxh1+ 54. Kg2 Rh4 55. Kxf2 Rg4 56. Nd6+ Ke7 57. Nc8+ Kd7 58. Nb6+ Kc6 59. Nd5 Kxd5 60. Kf3 Rb4 0-1

[Event "Titled Tuesday intern op 15th Aug Early"]
[Site "Chess.com INT"]
[Date "2023.08.15"]
[Round "4"]
[White "Eidelman, Gabriel"]
[Black "Diaz, Fernando"]
[Result "1-0"]
[WhiteElo "2296"]
[BlackElo "2107"]
[PlyCount "121"]
[EventDate "2023.08.15"]
[EventType "swiss (blitz)"]
[EventRounds "11"]
[EventCountry "USA"]
[SourceTitle "EXT 2024"]
[Source "ChessBase"]
[SourceDate "2023.10.10"]
[SourceVersion "1"]
[SourceVersionDate "2023.10.10"]
[SourceQuality "1"]

1. e4 e6 2. Nc3 d5 3. exd5 exd5 4. d4 c6 5. Nf3 Bd6 6. Bd3 Ne7 7. h3 0-0 8. 0-0 Bf5 9. Bg5 f6 10. Bd2 Bxd3 11. cxd3 Na6 12. Re1 Qc7 13. Re6 Rae8 14. Qe2 Qd7 15. Re1 Nc7 16. Re3 Nf5 17. Rxe8 Rxe8 18. Qd1 Rxe1+ 19. Qxe1 Qe6 20. Qxe6+ Nxe6 21. Be3 Bc7 22. g4 Ne7 23. h4 Ng6 24. Ne2 Kf7 25. Kf1 Ngf4 26. Nxf4 Nxf4 27. Ne1 a5 28. a4 Ng6 29. Ng2 Nf8 30. Ke2 Ne6 31. Kd2 b5 32. b3 g6 33. Ne1 f5 34. gxf5 gxf5 35. f3 Kg6 36. Bf2 Bb6 37. Nc2 Kh5 38. Kc3 Bd8 39. axb5 cxb5 40. b4 a4 41. Na3 Nc7 42. Bg3 Na6 43. Nxb5 Be7 44. Nd6 f4 45. Bxf4 Kxh4 46. b5 Nb8 47. Nf5+ Kh3 48. Nxe7 Nd7 49. Nxd5 Kg2 50. b6 Nxb6 51. Nxb6 Kxf3 52. Bd6 h5 53. Kb4 h4 54. Kxa4 Ke3 55. Be5 Kxd3 56. d5 Ke4 57. d6 Kxe5 58. d7 h3 59. d8Q h2 60. Qh8+ Kf5 61. Qxh2 1-0

[Event "Titled Tuesday intern op 27th Dec Early"]
[Site "Chess.com INT"]
[Date "2022.12.27"]
[Round "6"]
[White "Diaz, Fernando"]
[Black "Rangel, Daniel"]
[Result "0-1"]
[WhiteElo "2121"]
[BlackElo "2220"]
[PlyCount "102"]
[EventDate "2022.12.27"]
[EventType "swiss (blitz)"]
[EventRounds "11"]
[EventCountry "USA"]
[SourceTitle "EXT 2024"]
[Source "ChessBase"]
[SourceDate "2023.10.10"]
[SourceVersion "1"]
[SourceVersionDate "2023.10.10"]
[SourceQuality "1"]

1. e4 c5 2. d4 cxd4 3. c3 d3 4. c4 d6 5. Bxd3 e6 6. Nf3 Nf6 7. 0-0 Be7 8. h3 0-0 9. Nc3 a6 10. Be3 Nbd7 11. Rc1 b6 12. b4 Bb7 13. a3 Re8 14. Qe2 Bf8 15. Rfd1 Qc7 16. Nd2 g6 17. f4 Nh5 18. Qf2 Rab8 19. Na4 Bc6 20. Nc3 Ba8 21. g4 Nhf6 22. Be2 Qd8 23. g5 Nh5 24. Bxh5 gxh5 25. Qh4 b5 26. cxb5 d5 27. Qxh5 Bg7 28. e5 Nf8 29. Nf3 axb5 30. Nd4 Ng6 31. Ncxb5 Qd7 32. Rc7 Qd8 33. Rdc1 Re7 34. Rxe7 Qxe7 35. Nd6 Qa7 36. Qe2 Qxa3 37. b5 Qb4 38. Qd2 Qa3 39. b6 Bf8 40. Rb1 Bxd6 41. exd6 Qxd6 42. Qa5 Nxf4 43. Qa7 Rf8 44. b7 Bxb7 45. Qxb7 Qe5 46. Qb3 Qxg5+ 47. Kf1 Qg2+ 48. Ke1 Ng6 49. Bf2 Qh1+ 50. Ke2 Qe4+ 51. Qe3 Qxb1 0-1

[Event "Titled Tuesday intern op 27th Dec Early"]
[Site "Chess.com INT"]
[Date "2022.12.27"]
[Round "9"]
[White "Jimenez, Joaquin Rodrigo"]
[Black "Diaz, Fernando"]
[Result "1-0"]
[WhiteElo "2214"]
[BlackElo "2121"]
[PlyCount "89"]
[EventDate "2022.12.27"]
[EventType "swiss (blitz)"]
[EventRounds "11"]
[EventCountry "USA"]
[SourceTitle "EXT 2024"]
[Source "ChessBase"]
[SourceDate "2023.10.10"]
[SourceVersion "1"]
[SourceVersionDate "2023.10.10"]
[SourceQuality "1"]

1. e4 e6 2. d4 d5 3. Nd2 Nf6 4. e5 Nfd7 5. Bd3 c5 6. c3 Nc6 7. Ne2 cxd4 8. cxd4 f6 9. Nf4 Nxd4 10. Qh5+ Ke7 11. Ng6+ hxg6 12. exf6+ Nxf6 13. Qxh8 Kf7 14. f4 Qb6 15. 0-0 Nc2+ 16. Kh1 Nxa1 17. Nf3 Ke8 18. Bxg6+ Ke7 19. b3 Nc2 20. Bxc2 Qc5 21. Bd3 Bd7 22. Ne5 Bc6 23. f5 d4 24. Bf4 Rd8 25. fxe6 Be8 26. Qh3 Rd5 27. Nc4 b5 28. Nd2 Rh5 29. Qg3 Bc6 30. Nf3 Qd5 31. Rc1 a6 32. Qf2 Ne4 33. Bxe4 Qxe4 34. Bg3 Rd5 35. Re1 Qg6 36. Bh4+ Kd6 37. e7 Bxe7 38. Bxe7+ Kc7 39. Qg3+ Qxg3 40. hxg3 d3 41. Rd1 Rh5+ 42. Kg1 g5 43. Rxd3 g4 44. Nh4 Re5 45. Bd6+ 1-0